Một số chương trình Pascal đơn giản dùng cho thiết kế đường ô tô /

Đã lưu trong:
Bibliografiske detaljer
Hovedforfatter: Doãn Hoa
Format: Bog
Sprog:Vietnamese
Udgivet: XD 2004
Tags: Tilføj Tag
Ingen Tags, Vær først til at tagge denne postø!
Thư viện lưu trữ: Mạng thư viện Đại học Đà Nẵng
LEADER 00647nam a2200265 4500
001 000027814
003
005 20150406120000.0
008 150406s vm 000 vie
020 |c 0,0000 
040 |a notts 
100 |a Doãn Hoa 
245 |a Một số chương trình Pascal đơn giản dùng cho thiết kế đường ô tô /  |c Doãn Hoa. 
260 |b XD  |c 2004 
OWN |a LTT 
999 |a From the UDN01 
TYP |a Monograph 
TYP |a Printed language 
980 |a Mạng thư viện Đại học Đà Nẵng